Playschool

Αποθηκεύτηκε σε:
Λεπτομέρειες βιβλιογραφικής εγγραφής
Κύριος συγγραφέας: Rees, Saskia van
Μορφή: Βίντεο VHS
Γλώσσα:English
Δημοσίευση: Thorn : Stichting Lichaamstaal, [1987]
Θέματα:
Ετικέτες: Προσθήκη ετικέτας
Δεν υπάρχουν, Καταχωρήστε ετικέτα πρώτοι!

MARC

LEADER 00000 gm a2200000 i 4500
001 1/41606
007 vf cbuho
008 070226s1987 ne engod
035 |l 10087131 
040 |a GR-MY-UA  |b gre  |e aacr 
041 0 |a eng 
082 0 |a 372.21  |2 (22) 
100 1 |a Rees, Saskia van. 
245 1 0 |a Playschool  |h [μαγνητοσκόπηση] /  |c [a film by Saskia van Rees] ; Body Language Foundation 
260 |a Thorn :   |b Stichting Lichaamstaal,   |c [1987] 
300 |a 1 βιντεοκασέτα (30 λεπτ.);  |b ομιλ., έγχρ.;  |c 1/2 ιν. 
650 0 0 |a Early childhood teachers. 
650 0 0 |a Mentoring in education. 
650 0 0 |a Teachers  |x Training of  |z Netherlands. 
852 |a INST  |b RHODES  |c AV  |e 20070226  |h 372.21 REE  |p 005400026890  |q 005400026890  |t VC  |y 23 
901 |a BIBL4-2007-1 
909 |a Ρ  |b 028176 
970 |a ΚΟΖΑ  |b ΜΑΡΙΑ  |z 2007/02/26